00565nam a2200181 a 4500008004100000020001500041050001500056100002400071245011400095260003600209300001600245350000900261650001900270650001100289650002500300650003600325700002200361100125s1990 ||||||||||||||||| || u a0313268533 aJC 571 Eme aShepherd, W. George10aEmerging human rights: the African political economy contextcedited by George W. Shepherd; Mark O. C. Anikpo aNew YorkbGreenwood Pressc1990 aviii, 244p. a0.00 0aSOCIAL JUSTICE aRIGHTS aDISTRIBUTIVE JUSTICE aHUMAN RIGHTS--AFRICA,SUB-SAHARA aAnikpo, Mark O. C